The beach house / by James Patterson and Peter de Jonge.
Jack Mullen is a driven student of the law. His brother Peter is a servant of the rich, parking the cars of the Hamptons' elite --- and perhaps satisfying their more intimate needs as well. Then Peter's body is found on the beach. Jack knows the drowning was no accident, but someone's unlimited power and money have bought the cops, the judges, the system. Now Jack is learning a lesson in justice he never got in law school ... and his astonishing plan to beat the billionaires will have you reeling --- and cheering --- to the very last page.
Record details
- ISBN: 1586212877
- ISBN: 9781586212872
- ISBN: 0736687076
- ISBN: 9780736687072
- Physical Description: 6 audio discs (6.5 hr.) ; 4 3/4 in.
- Edition: Unabridged.
- Publisher: New York : Time Warner Audiobooks, [2002]
Content descriptions
| Creation/Production Credits Note: | Executive producer, Maja Thomas ; produced and directed by Kevin Thomsen ; production supervised by Dennis Kao |
| Participant or Performer Note: | Read by Gil Bellows. |
Search for related items by subject
| Subject: | Drowning victims > Fiction. Seaside resorts > Fiction. Rich people > Fiction. Brothers > Fiction. East Hampton (N.Y.) > Fiction. |
| Genre: | Fiction Suspense fiction. Audiobooks. Thrillers (Fiction) |
Available copies
- 1 of 1 copy available at scottsboropl.
Holds
- 0 current holds with 1 total copy.
Other Formats and Editions
Show Only Available Copies
| Location | Call Number / Copy Notes | Barcode | Shelving Location | Status | Due Date |
|---|---|---|---|---|---|
| scottsboropl | BK/CD Pat | 32269000665813 | Adult - Audiobook | Available | - |
| LDR | 04188cim a2200865 i 4500 | ||
|---|---|---|---|
| 001 | 162556 | ||
| 003 | SBPL | ||
| 005 | 20240201132317.0 | ||
| 008 | 020604s2002 nyunnnn f n eng d | ||
| 006 | a 000 0 | ||
| 007 | sd fsngnnmmneu | ||
| 020 | . | ‡a1586212877 | |
| 020 | . | ‡a9781586212872 | |
| 020 | . | ‡a0736687076 | |
| 020 | . | ‡a9780736687072 | |
| 024 | 1 | . | ‡a070993428723 |
| 024 | 3 | . | ‡a9781586212872 ‡d53198 |
| 028 | 0 | 2. | ‡a2-42286 ‡bTime Warner Audiobooks |
| 028 | 0 | 2. | ‡aCB068 ‡bRecorded Books |
| 035 | . | ‡a(OCoLC)49916804 | |
| 035 | . | ‡a(OCoLC)49916804 ‡z(OCoLC)51617401 ‡z(OCoLC)213503661 ‡z(OCoLC)319004014 ‡z(OCoLC)400319478 ‡z(OCoLC)679921049 ‡z(OCoLC)680068343 ‡z(OCoLC)704531888 ‡z(OCoLC)733823787 ‡z(OCoLC)759991834 ‡z(OCoLC)965566591 ‡z(OCoLC)966545757 ‡z(OCoLC)967814348 ‡z(OCoLC)1022900238 ‡z(OCoLC)1039185244 ‡z(OCoLC)1297004105 ‡z(OCoLC)1298902827 ‡z(OCoLC)1301421922 ‡z(OCoLC)1301425864 ‡z(OCoLC)1305525883 ‡z(OCoLC)1305553967 | |
| 050 | 4. | ‡aPS3566.A822 ‡bB43 2002 | |
| 082 | 0 | 4. | ‡a813/.54 ‡221 |
| 100 | 1 | . | ‡aPatterson, James, ‡d1947- ‡eauthor |
| 245 | 1 | 4. | ‡aThe beach house / ‡cby James Patterson and Peter de Jonge. |
| 250 | . | ‡aUnabridged. | |
| 264 | 1. | ‡aNew York : ‡bTime Warner Audiobooks, ‡c[2002] | |
| 300 | . | ‡a6 audio discs (6.5 hr.) ; ‡c4 3/4 in. | |
| 306 | . | ‡a063000 | |
| 336 | . | ‡aspoken word ‡bspw ‡2rdacontent | |
| 337 | . | ‡aaudio ‡bs ‡2rdamedia | |
| 338 | . | ‡aaudio disc ‡bsd ‡2rdacarrier | |
| 340 | . | ‡b4 3/4 in. ‡f1.4 m/s. | |
| 344 | . | ‡adigital ‡2rdatr | |
| 344 | . | ‡boptical ‡2rdarm | |
| 344 | . | ‡c1.4 m/s | |
| 347 | . | ‡aaudio file ‡2rdaft | |
| 347 | . | ‡bCD audio | |
| 508 | . | ‡aExecutive producer, Maja Thomas ; produced and directed by Kevin Thomsen ; production supervised by Dennis Kao | |
| 511 | 0 | . | ‡aRead by Gil Bellows. |
| 520 | . | ‡aJack Mullen is a driven student of the law. His brother Peter is a servant of the rich, parking the cars of the Hamptons' elite --- and perhaps satisfying their more intimate needs as well. Then Peter's body is found on the beach. Jack knows the drowning was no accident, but someone's unlimited power and money have bought the cops, the judges, the system. Now Jack is learning a lesson in justice he never got in law school ... and his astonishing plan to beat the billionaires will have you reeling --- and cheering --- to the very last page. | |
| 650 | 0. | ‡aDrowning victims ‡vFiction. | |
| 650 | 0. | ‡aSeaside resorts ‡vFiction. | |
| 650 | 0. | ‡aRich people ‡vFiction. | |
| 650 | 0. | ‡aBrothers ‡vFiction. | |
| 651 | 0. | ‡aEast Hampton (N.Y.) ‡vFiction. | |
| 655 | 7. | ‡aFiction | |
| 655 | 7. | ‡aSuspense fiction. | |
| 655 | 7. | ‡aAudiobooks. ‡2lcgft | |
| 655 | 7. | ‡aThrillers (Fiction) ‡2lcgft | |
| 700 | 1 | . | ‡aDe Jonge, Peter, ‡eauthor. |
| 700 | 1 | . | ‡aBellows, Gil, ‡enarrator. |
| 901 | . | ‡a162556 ‡bAUTOGEN ‡c162556 ‡tbiblio | |